|
|
|
|
| LEADER |
00000nab a2200000 a 4500 |
| 001 |
vtls000547142 |
| 003 |
SK-MaSNL |
| 005 |
20260304090335.0 |
| 008 |
250425c1995 xo 0 slo |
| 015 |
|
|
|a SNBRB19rr/mm-uuuuu
|
| 035 |
|
|
|a CL0547280
|
| 035 |
|
|
|a urn:nbn:sk:snk-ab7jb0
|
| 035 |
|
|
|a (urnnbn)urn:nbn:sk:snk:ar-005ybh
|
| 035 |
|
|
|a (uuid)afa7bb78-9690-45fb-bd9c-606ec3011532
|
| 040 |
|
|
|a SNKBUCL
|b slo
|c SNKBUCL
|e AACR2
|
| 041 |
0 |
|
|a slo
|
| 044 |
|
|
|a xo
|c SK
|
| 080 |
|
|
|a 371.12.001.5:301.165
|2 1981
|
| 080 |
|
|
|a 301.165
|2 1981
|
| 080 |
|
|
|a 303.423
|2 1981
|
| 100 |
1 |
|
|a Lašek, Ján
|4 aut
|9 1182750
|
| 245 |
1 |
0 |
|a Prvé skúsenosti s meraním klímy v škole a v učiteľskom zbore
|c Ján Lašek
|
| 300 |
|
|
|b Tab. 4, res. angl., rus., lit. 3 zázn. v angl., slov.
|
| 650 |
0 |
7 |
|a učitelia
|2 snkbucl
|9 3995
|
| 650 |
0 |
7 |
|a zbor učiteľský
|2 snkbucl
|9 1381205
|
| 650 |
0 |
7 |
|a klíma školy
|2 snkbucl
|9 71694
|
| 655 |
|
7 |
|a články z novín a časopisov
|2 snkbucl
|9 267496
|
| 773 |
0 |
|
|t Pedagogická revue
|g Roč. 47, č. 1-2 (1995), s. 43-50
|
| 850 |
|
|
|a Slovenská národná knižnica
|
| 852 |
|
|
|a Slovenská národná knižnica
|
| 954 |
|
|
|a odborná, vedecká literatúra pôvodná (slovenská)
|2 lita
|
| 958 |
|
|
|a article7
|
| 958 |
|
|
|a OND
|
| 958 |
|
|
|a RK
|
| 958 |
|
|
|a CZ
|
| 958 |
|
|
|a EUIPO
|
| 992 |
|
|
|a RBX
|
| 999 |
|
|
|c 2811152
|d 2813082
|